Comedias de Tirso de Molina. Colección ordenada e ilustrada por D. Emilio Cotarelo y Moru, de la Real Academia Española

Saved in:
Bibliografiske detaljer
Hovedforfatter: Tirso de Molina (autor)
Format: Bog
Sprog:spansk
Udgivet: Madrid Bailly Baillière 1907
Udgivelse:1a. ed
Serier:Nueva Biblioteca de Autores Españoles, IV, V
Fag:
Tags: Tilføj Tag
Ingen Tags, Vær først til at tagge denne postø!

MARC

LEADER 00000nam a2200000 a 4500
001 UCJ7137
003 CL-VaPUC
005 20220228180043.0
008 070124e19070000SP |||||||||||||||||spa|d
999 |c 323237  |d 323235 
040 |c Pontificia Universidad Católica de Valparaíso 
082 0 4 |a 860  |b TEL  |2 21 
100 |a Tirso de Molina  |e autor  |9 866712 
245 1 0 |a Comedias de Tirso de Molina. Colección ordenada e ilustrada por D. Emilio Cotarelo y Moru, de la Real Academia Española 
246 1 0 |a Santo y sastre 
250 |a 1a. ed 
260 |a Madrid  |b Bailly Baillière  |c 1907 
300 |a 2 v 
490 0 |a Nueva Biblioteca de Autores Españoles, IV, V 
500 |a 8§, pasta española 
583 |a last modification  |c 20070124 00:00:00  |k Rodrigo Vera 
600 0 7 |a COTAREL Y MORI, EMILIO  |9 515190 
650 0 |a Teatro español  |9 265077 
650 7 |a BIOGRAFIA  |2 CL-VaPUC  |9 504622 
650 0 |a Crítica literaria   |9 269189 
942 |c BK  |2 ddc 
945 |d 20070124 00:00:00  |a rinostro 
952 |0 0  |1 0  |4 0  |6 860_000000000000000_TEL_1907  |7 0  |8 X  |9 402658  |a FDOBUD  |b FDOBUD  |d 2019-11-22  |h v.1  |i 1059092  |o 860 TEL 1907  |p 1059092  |r 2019-11-22  |w 2019-11-22  |y BK_X  |k BUD 
952 |0 0  |1 0  |4 0  |6 860_000000000000000_TEL_1907  |7 0  |8 X  |9 402659  |a FDOBUD  |b FDOBUD  |d 2019-11-22  |h v.2  |i 1059130  |o 860 TEL 1907  |p 1059130  |r 2019-11-22  |w 2019-11-22  |y BK_X  |k BUD